000 00488nam a2200121 4500
999 _c11177
_d11177
008 181015b ||||| |||| 00| 0 eng d
082 _aDPer 959.9048 P53p May 2013- April 2014 v. 22-23
245 _aRemarks during an inspection visit to the Ateneo de Manila University repacking center.
260 _aSan Miguel, Manila :
_bOP-Bureau of Communications Services,
_c©May 2013-©Apr 2014.
300 _av22 n6, pages 82-83;
_c23 cm.
650 0 _932230
_aDisaster relief.
942 _2ddc
_cPER